BC Wildfire Zones - Statistics

General Stats
  • This quiz has been taken 18 times
  • The average score is 12 of 32
Answers on the Map
Answers color-coded by a green-red scale on the quiz's map according to % correct below.
 
Answer Stats
Answer % Correct
Dawson Creek
80%
Fort Nelson
80%
Mid Island
80%
North Island
80%
South Island
80%
Buckley
60%
Cassiar
60%
Fort St John
60%
Fraser
60%
Mackenzie
60%
Prince George
60%
VanJam
60%
Chilcotin
40%
Cranbrook
40%
Skeena
40%
Arrow
20%
Boundary
20%
Columbia
20%
Invermere
20%
Kamloops
20%
Kootenay
20%
Lillooet
20%
Merritt
20%
Nadina
20%
Penticton
20%
Robson Valley
20%
100 Mile House
0%
Central Cariboo
0%
Pemberton
0%
Quesnel
0%
Sunshine Coast
0%
Vernon
0%
No matching quizzes found
Score Distribution
Percent of People with Each Score
Percentile by Number Answered
Your Score History
You have not taken this quiz